00219nam a22000977a 4500082000800000100002200008245003700030250001100067260003200078300001100110 aAUS aAuslander david M aintroducing systems and control  a3rd ed aNew YorkbMcGraw hillc1974 a514.60